[Event "IECG CP.2002.P.00101 email"]
[Site "IECG email"]
[Date "2002.10.01"]
[Round "?"]
[White "Skovgaard, Michael"]
[Black "Birzer, Lothar"]
[Result "0-1"]
[WhiteElo "758"]
[BlackElo "1869"]
[PlyCount "66"]
[EventDate "2002.10.01"]
[EventType "tourn (corr)"]
[EventRounds "6"]
[EventCountry "SUI"]
[SourceTitle "Corr 2008"]
[Source "ChessBase"]
[SourceDate "2008.06.24"]
[SourceVersion "1"]
[SourceVersionDate "2008.06.24"]
[SourceQuality "1"]

1. d4 Nf6 2. c4 g6 3. Nc3 Bg7 4. e4 d6 5. Be2 0-0 6. Bg5 c5 7. d5 h6 8. Bh4 e6 9. Nf3 exd5 10. cxd5 g5 11. Bg3 Nh5 12. Qb3 a6 13. 0-0 Nxg3 14. hxg3 b5 15. Nd2 Nd7 16. a4 b4 17. Nd1 Ne5 18. Ne3 Re8 19. a5 g4 20. Qc2 h5 21. Nec4 Rb8 22. Nxe5 Bxe5 23. Nc4 Qf6 24. Nxe5 h4 25. Rae1 Rxe5 26. Qd2 Rxe4 27. Bd3 Rd4 28. Re8+ Kg7 29. Qe2 Rxd3 30. Rxc8 Rxc8 31. Qxd3 Re8 32. Qxa6 hxg3 33. Qe2 Rxe2 0-1

[Event "IECG CN.2002.0.00284 email"]
[Site "IECG email"]
[Date "2002.02.28"]
[Round "?"]
[White "Skovgaard, Michael"]
[Black "Lepercq, Pierre"]
[Result "1-0"]
[WhiteElo "725"]
[BlackElo "926"]
[PlyCount "123"]
[EventDate "2002.02.28"]
[EventType "tourn (corr)"]
[EventRounds "6"]
[SourceTitle "Corr 2008"]
[Source "ChessBase"]
[SourceDate "2008.06.24"]
[SourceVersion "1"]
[SourceVersionDate "2008.06.24"]
[SourceQuality "1"]

1. Nf3 Nf6 2. d4 g6 3. c4 Bg7 4. Nc3 0-0 5. e4 d6 6. Be2 e5 7. Be3 Ng4 8. Bg5 f6 9. Bh4 Nd7 10. 0-0 Nh6 11. h3 Nf7 12. Qc2 g5 13. Bg3 c5 14. dxc5 Nxc5 15. b4 Ne6 16. Nd5 Bd7 17. Rfd1 Rc8 18. a3 Qe8 19. a4 h5 20. Ne3 a6 21. Nf5 Rc6 22. a5 h4 23. Bh2 Nc7 24. Ne3 Qe6 25. Nd5 Na8 26. Nd2 Rcc8 27. Qd3 Nh6 28. Bh5 Rc6 29. Re1 Be8 30. Bxe8 Rxe8 31. b5 Rc5 32. bxa6 bxa6 33. Reb1 Nf7 34. Rb7 Kf8 35. Ra7 Rb8 36. Nb3 Rc6 37. Rb1 Qe8 38. Nd2 Rc5 39. Rxa6 Rcc8 40. Ra7 Qd8 41. a6 Nb6 42. Rxf7+ Kxf7 43. a7 Rb7 44. Nxb6 Rxb6 45. Qd5+ Kg6 46. Rxb6 Qxb6 47. a8Q Rxa8 48. Qxa8 Qd4 49. Qd5 Qa1+ 50. Nf1 Bf8 51. g3 hxg3 52. Bxg3 Qd4 53. Ne3 Qa1+ 54. Kg2 Qd4 55. Qg8+ Bg7 56. Qxg7+ Kxg7 57. Nf5+ Kf7 58. Nxd4 exd4 59. Bxd6 Ke6 60. c5 d3 61. Kf3 d2 62. Ke2 1-0

[Event "Lovfalds 13th F"]
[Site "Ringsted"]
[Date "1999.09.19"]
[Round "5"]
[White "Janbazi, Farzad"]
[Black "Skovgaard, Michael"]
[Result "0-1"]
[WhiteElo "1100"]
[BlackElo "1000"]
[PlyCount "68"]
[EventDate "1999.09.17"]
[EventType "swiss"]
[EventRounds "5"]
[EventCountry "DEN"]
[SourceTitle "EXT 2023"]
[Source "ChessBase"]
[SourceDate "2022.10.05"]
[SourceVersion "1"]
[SourceVersionDate "2022.10.05"]
[SourceQuality "1"]

1. d4 g6 2. c4 Bg7 3. e3 Nf6 4. Nc3 0-0 5. Bd3 d6 6. h3 Nc6 7. Nf3 e5 8. d5 Ne7 9. e4 c6 10. Bd2 cxd5 11. cxd5 a6 12. Qc1 b5 13. b4 Bb7 14. Qd1 Rc8 15. 0-0 Nexd5 16. Qb3 Nxc3 17. Bxc3 Nxe4 18. Bxe4 Bxe4 19. Nd2 Bb7 20. Rac1 Qg5 21. f3 Qe3+ 22. Kh2 Qb6 23. a3 d5 24. Bb2 Qd6 25. Kg1 Bh6 26. Ne4 dxe4 27. Rxc8 Rxc8 28. fxe4 Qe6 29. Qf3 Rc4 30. Bxe5 Bxe4 31. Qf6 Qxf6 32. Rxf6 Bg7 33. Rxa6 Bxe5 34. Ra5 Bg3 0-1

[Event "IECG CN.1998.0.00075"]
[Site "IECG email"]
[Date "1998.07.29"]
[Round "?"]
[White "Bobbitt, Rodney"]
[Black "Skovgaard, Michael"]
[Result "0-1"]
[WhiteElo "753"]
[BlackElo "800"]
[PlyCount "34"]
[EventDate "1998.07.29"]
[EventType "tourn (corr)"]
[EventRounds "6"]
[SourceTitle "Corr 2008"]
[Source "ChessBase"]
[SourceDate "2008.06.24"]
[SourceVersion "1"]
[SourceVersionDate "2008.06.24"]
[SourceQuality "1"]

1. d4 Nc6 2. Bg5 d5 3. e3 f6 4. Bh4 e5 5. Bb5 exd4 6. exd4 Nge7 7. Qe2 Bf5 8. Nc3 Qd7 9. Na4 0-0-0 10. Nc5 Qe8 11. Nxb7 Kxb7 12. Ba6+ Ka8 13. Bb5 Nxd4 14. Bxe8 Nxe2 15. Nxe2 Rxe8 16. Rd1 Ng6 17. Rd4 c5 0-1

[Event "IECG CN.1998.0.00075"]
[Site "IECG email"]
[Date "1998.07.29"]
[Round "?"]
[White "Collins, Tim"]
[Black "Skovgaard, Michael"]
[Result "0-1"]
[WhiteElo "800"]
[BlackElo "800"]
[PlyCount "54"]
[EventDate "1998.07.29"]
[EventType "tourn (corr)"]
[EventRounds "6"]
[SourceTitle "Corr 2008"]
[Source "ChessBase"]
[SourceDate "2008.06.24"]
[SourceVersion "1"]
[SourceVersionDate "2008.06.24"]
[SourceQuality "1"]

1. e4 Nf6 2. e5 Nd5 3. Bc4 Nb6 4. b3 d6 5. Qf3 Nxc4 6. bxc4 dxe5 7. Bb2 Nc6 8. Ne2 g6 9. d3 Bg7 10. Nd2 e4 11. Nxe4 Bxb2 12. Rb1 Nd4 13. Nxd4 Bxd4 14. c3 Bb6 15. 0-0 0-0 16. d4 f5 17. Ng3 c5 18. dxc5 Bxc5 19. Rfd1 Qc7 20. Rb2 Rd8 21. Qe2 Rxd1+ 22. Qxd1 Be6 23. Qf3 Bxc4 24. Rxb7 Rb8 25. Rxb8+ Qxb8 26. h4 Qb1+ 27. Kh2 Qxa2 0-1

[Event "IECG CN.1998.0.00075"]
[Site "IECG email"]
[Date "1998.07.29"]
[Round "?"]
[White "Skovgaard, Michael"]
[Black "Lauterbach, Stefan"]
[Result "1-0"]
[WhiteElo "800"]
[BlackElo "789"]
[PlyCount "87"]
[EventDate "1998.07.29"]
[EventType "tourn (corr)"]
[EventRounds "6"]
[SourceTitle "Corr 2008"]
[Source "ChessBase"]
[SourceDate "2008.06.24"]
[SourceVersion "1"]
[SourceVersionDate "2008.06.24"]
[SourceQuality "1"]

1. e4 c5 2. Nf3 e6 3. d4 cxd4 4. Nxd4 Nc6 5. Nc3 Nf6 6. Nxc6 bxc6 7. e5 Nd5 8. Ne4 Qc7 9. f4 Qb6 10. c3 Ne3 11. Qd2 Nxf1 12. Rxf1 Bb7 13. Rf2 Be7 14. Nd6+ Bxd6 15. Qxd6 Rc8 16. g3 c5 17. Qxb6 axb6 18. Be3 Be4 19. a4 0-0 20. b4 f6 21. bxc5 bxc5 22. a5 g5 23. exf6 Rxf6 24. fxg5 Rxf2 25. Kxf2 d6 26. Bd2 e5 27. Ke3 Bd5 28. a6 Ra8 29. a7 Kf7 30. Kd3 c4+ 31. Ke2 Be4 32. Be3 Ke7 33. g4 Bd3+ 34. Kd2 Be4 35. Ra4 Bd3 36. Rb4 Kd7 37. Rb8 Be4 38. h4 Ke7 39. h5 Kf7 40. g6+ Kg7 41. gxh7 Kxh7 42. g5 Bf3 43. Bb6 Bc6 44. Rxa8 1-0